000 00346nam a2200121Ia 4500
008 220204s9999 xx 000 0 und d
082 _a577.151.52
_bSMI
245 0 _aRegulation of enzyme synthesis and activity in higher plants: Proceedings
260 _aLondon
_bAcademic
_c1977
650 _aEnzyme synthesis
700 _aSMITH, H
942 _cBK
999 _c33748
_d33748